000
00249nam a2200097Ia 4500
001
719254
005
20250826163039.0
008
250824s9999 xx 000 0 und d
245
0
_a
CENAZEDEN SONRA
_c
AGATHA CHRISTIE
260
_b
ALTIN KİTAPLAR YAYINLARI
999
_c
719254
_d
719254